LEADER 01494nam0 22003133i 450 001 VAN00097753 005 20240806100707.246 010 $a978-88-548-5299-0 100 $a20140512d2013 |0itac50 ba 101 $aita 102 $aIT 105 $a|||| 1|||| 200 1 $aAtti dell'Accademia romanistica costantiniana$eorganizzare, sorvegliare, punire, il controllo dei corpi e delle menti nel diritto della tarda antichità$e[19. Convegno internazionale in memoria di Franca De Marini Avonzo]$f[a cura di Stefano Giglio] 205 $aRoma : Aracne$b2013 210 $a839 p.$a24 cm 215 $aIn testa al frontespizio: Università degli studi di Perugia, Facoltà di Giurisprudenza. 410 1$1001VAN00097754$12001 $aPubblicazioni dell'Università degli studi di Perugia$1210 $aRoma$cAracne. 606 $aDiritto romano$xStudi$3VANC001374$2FI 620 $dRoma$3VANL000360 676 $a340.54$cDiritto romano$v21 702 1$aGiglio$bStefano$3VANV001787$4340 710 02$aAccademia romanistica Costantiniana$3VANV010010$0240708 712 $aAracne $3VANV108757$4650 801 $aIT$bSOL$c20250321$gRICA 899 $aBIBLIOTECA DEL DIPARTIMENTO DI GIURISPRUDENZA$1IT-CE0105$2VAN00 912 $aVAN00097753 950 $aBIBLIOTECA DEL DIPARTIMENTO DI GIURISPRUDENZA$d00CONS XVIII.Elc.95 $e00UBG5 20140512 996 $aAtti dell'Accademia romanistica costantiniana$9243398 997 $aUNICAMPANIA